000 00505nam a2200169Ia 4500
003 GCL
008 140319s9999 xx 000 0 ara d
040 _aGCL /
_cGCL
082 0 4 _a813.01
_bق ت
100 1 _aقاسم مسعد عليوه
245 1 0 _aتنويعات بحرية: قصص قصيرة /
_cقاسم مسعد عليوه
300 _a89 ص
490 _aمواقف ادبية
_v0
650 0 4 _aالادب العربى
650 0 4 _aالقصص العربية القصيرة
942 _2ddc
_cBK
999 _c47087
_d47087